| 000 | 00374nam a22001217a 4500 | ||
|---|---|---|---|
| 008 | 130405b xxu||||| |||| 00| 0 eng d | ||
| 010 | _a2006929315 | ||
| 020 |
_a3540343083 _cAvalable |
||
| 050 |
_a005.8 TUT _b002363 |
||
| 082 |
_a005.8 TUT _b002363 |
||
| 245 |
_aPerformance Analysis of Network Architectures _cDietmar Tutsch |
||
| 260 |
_a New-York _bSpringer Berlin Heidelberg _c2006 |
||
| 999 |
_c23315 _d23315 |
||